000
00335nam a2200133Ia 4500
008
240624s9999 xx 000 0 und d
041
_a
eng
082
_a
530 EIN
100
_a
EINSTEIN ALBERT
245
_a
SPECIAL AND GENERAL RELATIVITY
260
_c
2019
_a
London
_b
Flame Tree Publication
300
_a
239p. ;23cm.
365
_c
_b
33
999
_c
32755
_d
32755